| 000 | 00830nam a2200229Ia 4500 | ||
|---|---|---|---|
| 003 | OSt | ||
| 005 | 20250310100749.0 | ||
| 008 | 210716s2018 xx 000 0 und d | ||
| 020 | _a9781788471459 | ||
| 040 | _cAIMIT LIBRARY | ||
| 041 | _aeng | ||
| 082 |
_a006.671 _21 _bIGLJ |
||
| 100 |
_aIglesias, Juan Antonio Medina. _9205277 |
||
| 245 |
_aHands-on microservices with kotlin : _bbuild reactive and cloud-native microservices with kotlin using spring 5 and spring boot 2.0 / _cBy Juan Antonio Medina Iglesias. |
||
| 250 | _a1st ed. | ||
| 260 |
_aMumbai : _bPackt Publishing Ltd , _c2018. |
||
| 300 |
_ax,396p. ; _bPB _c24 cm. |
||
| 650 |
_aGetting started with spring boot 2.0 _9205278 |
||
| 650 |
_aCreating research microservices _9205279 |
||
| 650 |
_aReactive spring data _9205280 |
||
| 942 |
_2ddc _cBK _e1st _k006.671 IGLJ |
||
| 999 |
_c196582 _d196582 |
||